Communes de l'Argonne ardennaise - Statistiques

Statistiques générales
  • Ce quiz a été pris 4 fois
  • Le résultat moyen est 19 sur 101
Statistiques - réponses
Hint Réponse % Correct
V Vouziers
100%
A Autruche
67%
B Bourcq
67%
F Falaise
67%
G Germont
67%
G Grandpré
67%
M Machault
67%
M Monthois
67%
P Pauvres
67%
S Saint-Juvin
67%
S Séchault
67%
S Sommauthe
67%
A Aure
33%
B Bairon et ses environs
33%
B Bar-lès-Buzancy
33%
B Blaise
33%
B Boult-aux-Bois
33%
B Buzancy
33%
C Cauroy
33%
C Challerange
33%
C Chatel-Chéhéry
33%
A Authe
33%
E Exermont
33%
F Fossé
33%
G Grivy-Loisy
33%
H Hauviné
33%
L La Croix-aux-Bois
33%
L Les Grandes Armoises
33%
L Les Petites Armoises
33%
L Liry
33%
M Manre
33%
M Marcq
33%
M Mars-sous-Bourcq
33%
O Olizy-Primat
33%
S Saint-Clément-à-Arnes
33%
S Sainte-Marie
33%
S Saint-Etienne-à-Arnes
33%
S Saint-Pierre-à-Arnes
33%
S Senuc
33%
S Sommerance
33%
S Sy
33%
T Thenorgues
33%
V Verrieres
33%
A Apremont-sur-Aire
0%
A Ardeuil-et-Montfauxelles
0%
A Autry
0%
B Ballay
0%
B Bayonville
0%
B Beffu-et-le-Morthomme
0%
B Belleville-et-Chatillon-sur-Bar
0%
B Belval-Bois-des-Dames
0%
B Bouconville
0%
B Brecy-Brières
0%
B Brieulles-sur-Bar
0%
B Briquenay
0%
C Champigneulle
0%
C Chardeny
0%
C Chevières
0%
C Condé-lès-Autry
0%
C Contreuve
0%
C Cornay
0%
D Dricourt
0%
F Fléville
0%
G Grandham
0%
H Harricourt
0%
I Imécourt
0%
L La Berlière
0%
L Lançon
0%
L Landres-et-Saint-Georges
0%
L Leffincourt
0%
L Les Alleux
0%
L Longwé
0%
L Louvergny
0%
M Marvaux-Vieux
0%
M Montcheutin
0%
M Montgon
0%
M Mont-Saint-Martin
0%
M Mont-Saint-Remy
0%
M Mouron
0%
N Noirval
0%
N Nouart-Les-Champys
0%
O Oches
0%
Q Quatre-Champs
0%
Q Quilly
0%
S Saint-Morel
0%
S Saint-Pierremont
0%
S Sauville
0%
S Savigny-sur-Aisne
0%
S Semide
0%
S Sugny
0%
T Tailly
0%
T Tanay-le-Mont-Dieu
0%
T Termes
0%
T Terron-sur-Aisne
0%
T Toges
0%
V Tourcelles-Chaumont
0%
V Vandy
0%
V Vaux-en-Dieulet
0%
V Vaux-les-Mouron
0%
V Verpel
0%
V Vrizy
0%
Aucun quiz correspondant
Distribution des résultats
% des personnes avec chaque résultat
Percentile par nombre de réponses
Votre historique - résultats
Vous n’avez pas pris ce quiz